01066nam a2200241Ia 4500008004100000020001800041040001800059041000800077100002300085245012800108260007900236300004000315490007700355504005300432650002300485650004200508650002500550650005600575650005600631650004500687651004500732651004700777130821s2011 xxuab gr eng  a9780268023034 aCo-BoUCMbspa00aeng1 aCarroll, Leah Anne10aViolent democratization social movements, elites, and politics in Colombia's rural war zones, 1984/2008cLeah Anne Carroll aNotre Dame (Indiana, Estados Unidos)bUniversity of Notre Dame Pressc2011 a447 páginasbilustraciones, mapas 0aRecent titles from the Helen Kellogg Institute for International Studies aIncluye referencias bibliográficas e índice.04aCiencia política04aDemocratizaciónxHistoriazColombia04aHistoria de Colombia04aMovimientos socialesxHistoriazColombiay1984-200804aViolencia políticaxHistoriazColombiay1984-200804aViolenciaxHistoriazColombiay1984-2008 4aColombiaxCondiciones ruralesy1984-2008 4aColombiaxPolítica y gobiernoy1984-2008